000
002310000a22000970004500
100
1
_a
Foulkes, Ricardo
245
1
0
_a
Pastoral desde el exílio
300
_a
Vol. 4, Núm 8 (1982), Páginas 28-34
773
0
_t
Pastoralia
942
_c
ANA
999
_c
53290
_d
53290